Sports Quiz

Random Sports Quiz
Score 0/50 Timer 10:00
0 Plays Today
Yards Player % Correct
71,838Brett Favre
100%
51,475John Elway
100%
62,406*Peyton Manning
100%
61,361Dan Marino
100%
33,694*Eli Manning
100%
28,290*Tony Romo
100%
40,551Joe Montana
98.7%
48,591*Drew Brees
97.3%
44.611Drew Bledsoe
96%
47,062*Tom Brady
96%
49,325Warren Moon
96%
47,003Fran Tarkenton
94.7%
37,267Donovan McNabb
93.3%
43,040Dan Fouts
93.3%
46,233Vinny Testaverde
93.3%
33,124Steve Young
92%
35,467Jim Kelly
90.7%
32,174*Ben Roethlisberger
90%
33,462Phil Simms
89.3%
40,239Johnny Unitas
89.3%
40,922Kerry Collins
89.3%
30,364*Philip Rivers
87.5%
37,920Boomer Esiason
86.7%
34,554*Matt Hasselbeck
85.3%
32,942Troy Aikman
80%
Yards Player % Correct
32,344Kurt Warner
80%
32,072Mark Brunell
80%
31,378*Carson Palmer
80%
33,070Y.A. Tittle
70%
32,838Ken Anderson
70%
31,304Steve McNair
70%
29,979Randall Cunningham
70%
29,253Jake Plummer
70%
29,054Brad Johnson
70%
28,743Rich Gannon
70%
28,475Trent Green
70%
34,837Jim Everett
65.3%
38,147Dave Krieg
64%
31,548John Brodie
60%
29,745Jon Kitna
60%
29,444Roman Gabriel
60%
28,484Chris Chandler
60%
28,190Ron Jaworski
60%
32,224Sonny Jurgensen
50%
30,797Norm Snead
50%
29,817Joe Ferguson
50%
28,711Len Dawson
50%
34,241Steve DeBerg
49.3%
33,503John Hadl
40%
34,665Jim Hart
38.7%
Remove Ads.
Support Sporcle.
Get the best of Sporcle when you Go Orange. This ad-free experience offers more features, more stats, and more fun while also helping to support Sporcle. Thank you for becoming a member.

You're not logged in!

Compare scores with friends on all Sporcle quizzes.
OR
Log In

Show Comments

Extras

Top Quizzes Today


Score Distribution

Your Account Isn't Verified!

In order to create a playlist on Sporcle, you need to verify the email address you used during registration. Go to your Sporcle Settings to finish the process.

Report this User

Report this user for behavior that violates our Community Guidelines.

Details: